00671nam a22002057a 4500010002800000020002600028035001300054035001300067037001500080037002200095082000600117100002100123245010900144260003100253270006600284300002500350500005200375600003500427700000300462 aENG-99084 B-423810 c695.00a9780415563109 aEN-82616 aB-423810 bDBAD / PUB bAllied Publishers aS aSreenivas, Deepa aSculpting a middle class:cby Deepa Sreenivasbhistory, masculinity and the Amar Chitra Katha in India / aNew DelhibRoutledgec2010 bNew Delhie110001a912-915 tolstoy house, 15-17 Tolstoy Marg, ax, 209p.c23cm (Hb)  aIncludes biblioghraphical references and index aBaba Visakha SinghxBiography.